| 000 | 00515cam a22001457a 4500 | ||
|---|---|---|---|
| 008 | 180718b2011 xxu||||| |||| 00| 0 eng d | ||
| 082 | _aA81x54 011/1/Pap 2/1/2011 | ||
| 100 | _aCensus of India 2011 | ||
| 245 | _aIndia: provisional population totals | ||
| 260 |
_aNew Delhi _bOffice of the Registrar General and Census Commissioner, India _c2011 |
||
| 300 | _a42p. | ||
| 440 | _aCensus of India 2011. Ser-es-1, India. Paper 2, volume 1 of 2011 | ||
| 650 | _aIndia - Census, Urban | ||
| 650 | _aIndia - Census, Rural | ||
| 999 |
_c487730 _d487730 |
||